000 00267nam a22001217a 4500
020 _a978-93-85175-99-2
082 _a894.812.3
_bALK/L
100 _aALKOTT, LOUISAMA
245 _aLITTLE WOMEN
260 _aTHRISSUR
_bH&C BOOKS
650 _aSTORY
_zKERALA
942 _cBK
999 _c7000
_d7000